Modern geometry Methods and applications. Part II,The geometry and topology of manifolds

The book contains a concrete exposition of the geometrical and topological methods of the theory of manifolds with their application in mathematics and physics

Uloženo v:
Podrobná bibliografie
Hlavní autor: A T Fomenko
Médium: Kniha
Jazyk:Undetermined
Vydáno: New York Springer-Verlag 1984
Témata:
Tagy: Přidat tag
Žádné tagy, Buďte první, kdo otaguje tento záznam!
Thư viện lưu trữ: Trung tâm Học liệu Trường Đại học Cần Thơ
LEADER 00767nam a2200217Ia 4500
001 CTU_22723
008 210402s9999 xx 000 0 und d
020 |b 120df 
082 |a 516 
082 |b D819/P.2 
100 |a A T Fomenko 
245 0 |a Modern geometry 
245 0 |b Methods and applications. Part II,The geometry and topology of manifolds 
245 2 |c A T Fomenko,Petrovich Novikov,B A Dubrovin 
260 |a New York 
260 |b Springer-Verlag 
260 |c 1984 
520 |a The book contains a concrete exposition of the geometrical and topological methods of the theory of manifolds with their application in mathematics and physics 
650 |a geometry 
904 |i Minh, 980604 
980 |a Trung tâm Học liệu Trường Đại học Cần Thơ